书目信息 |
| 题名: |
马克思传
|
|
| 作者: | 格姆科夫 , Gemkow 著 ;易廷镇 , 侯焕良 译 | |
| 分册: | ||
| 出版信息: | 北京 三联书店 1978 |
|
| 页数: | 369页 | |
| 开本: | 19cm | |
| 丛书名: | ||
| 单 册: | ||
| 中图分类: | A711 , A811 | |
| 科图分类: | ||
| 主题词: | 马克思--生事迹 , 马克思--传记 , 恩格斯--生平事迹 , 恩格斯--传记 , 列宁--生平事迹 , 列宁--传记 , 毛泽东--生平事迹 , 毛泽东--传记 | |
| 电子资源: | ||
| ISBN: | ||
| 000 | 01099nam0 2200409 45 | |
| 001 | 0178002868 | |
| 005 | 20060606145156.50 | |
| 010 | @dCNY1.25 | |
| 091 | @a11002.492 | |
| 100 | @a19950713d1978 em y0chiy0121 ea | |
| 101 | 1 | @achi@cger |
| 102 | @aCN@b110000 | |
| 105 | @ay z 000yb | |
| 106 | @ar | |
| 200 | 10 | @a马克思传@Ama ke si zhuan@f(德)格姆科夫(H.Gemkow)等著@g易廷镇,侯焕良译 |
| 210 | @a北京@c三联书店@d1978 | |
| 215 | @a369页@d19cm | |
| 300 | @a书名原文:Karl Marx | |
| 300 | @a据林狄茨出版社1967年德文版译出 | |
| 510 | 1 | @aKarl Marx@zger |
| 600 | 1 | @a马克思@bK.@x传记 |
| 606 | 0 | @a马克思@x生事迹 |
| 606 | 0 | @a马克思@x传记 |
| 606 | 0 | @a恩格斯@x生平事迹 |
| 606 | 0 | @a恩格斯@x传记 |
| 606 | 0 | @a列宁@x生平事迹 |
| 606 | 0 | @a列宁@x传记 |
| 606 | 0 | @a毛泽东@x生平事迹 |
| 606 | 0 | @a毛泽东@x传记 |
| 690 | @aA711@v3 | |
| 690 | @aA811@v3 | |
| 701 | 1 | @a格姆科夫@Age mu ke fu@bH.@4著 |
| 701 | A1 | @aGemkow@bH.@4著 |
| 702 | 0 | @a易廷镇@Ayi ting zhen@4译 |
| 702 | 0 | @a侯焕良@Ahou huan liang@4译 |
| 801 | 0 | @aCN@bNLC@c20060606 |
| 905 | @f1@b12816@dA711@e11 | |
| 马克思传/(德)格姆科夫(H.Gemkow)等著/易廷镇,侯焕良译.-北京:三联书店,1978 |
| 369页;19cm |
| 书名原文:Karl Marx.-据林狄茨出版社1967年德文版译出 |
| ISBN :CNY1.25 |
| ● |
| 相关链接 |
|
|
|
|
正题名:马克思传
索取号:A711/11
 
预约/预借
| 序号 | 登录号 | 条形码 | 馆藏地/架位号 | 状态 | 备注 |
| 1 | 0012816 | 001411403 | 第一借阅区/ [索取号:A711/11] | 在馆 |